000 00856cam a2200241 4500
001 ABS62338
008 000000n2000 000 0 eng u
035 _a(Sirsi) u106288
100 _aHall, C.
245 _aPutting E-topia on the map
260 _c2000
490 _aBuilding
_v265(8136) 12 May 2000, 63(1)
520 _aWith the Electronic Communications Bill about to pass through parliament, some of the ways in which contractual relationships may evolve in the world of e-construction are considered. Discusses extranets and 3D modelling.
590 _aABS
650 _aE-COMMERCE
650 _aELECTRONIC COMMUNICATIONS BILL
650 _aEXTRANETS
650 _a3-D MODELLING
650 _aCONTRACTUAL RELATIONSHIPS
650 _aContracts
_96232
690 _aMANAGEMENT-BUSINESS MANAGEMENT-INFORMATION MANAGEMENT
942 _n0
999 _c63653
_d63653